[Event "Snorlax # 3"]
[Site "SchemingMind.com"]
[Date "2008.09.03"]
[Round "-"]
[White "Turms"]
[Black "rao"]
[Result "0-1"]
[WhiteCountry "INT"]
[BlackCountry "INT"]
[WhiteElo "1737"]
[WhiteRD "82"]
[BlackElo "1556"]
[BlackRD "65"]
[GameID "169035"]

1. e4 e5 2. Nf3 Nc6 3. Bb5 d6 4. O-O Bd7 5. Nc3 a6 6. Bxc6 Bxc6 7. d4 f6 8. dxe5 fxe5 9. Bg5 Nf6 10. Nd5 Bxd5
11. Bxf6 Qxf6 12. Qxd5 c6 13. Qb3 Be7 14. Qxb7 O-O 15. Qxc6 Rfc8 16. Qa4 h5 17. c3 h4 18. h3 Qg6 19. Qd7 Bf8 20. Nxh4 Qxe4
21. Qe6+ Kh7 22. Rfe1 Qxh4 23. Qf5+ g6
0-1

[Event "Snorlax # 3"]
[Site "SchemingMind.com"]
[Date "2008.09.01"]
[Round "-"]
[White "remigius"]
[Black "AaronB"]
[Result "1-0"]
[WhiteCountry "ESP"]
[BlackCountry "USA"]
[WhiteElo "1754"]
[WhiteRD "99"]
[BlackElo "1676"]
[BlackRD "63"]
[GameID "169312"]

1. e4 c5 2. c3 d5 3. exd5 Qxd5 4. d4 e6 5. Na3 Nf6 6. Nb5 Na6 7. Be3 c4 8. a4 Be7 9. Nf3 O-O 10. Qe2 Bd7
11. Qxc4 Qxc4 12. Bxc4 Rfc8 13. Bd3 Nc7 14. Nxc7 Rxc7 15. Ne5 Nd5 16. Nxd7 Nxe3 17. fxe3 Rxd7 18. Ke2 Rc8 19. Rhf1 Bd6 20. g3 Re7
21. c4 Bb4 22. a5 e5 23. Ra4 Bd6 24. c5 Bc7 25. d5 Bd8 26. d6 Re6 27. Bf5 Rh6 28. Bxc8 Rxh2+ 29. Rf2 Rh1 30. Bxb7 Rc1
31. c6 Rc2+ 32. Kf3 e4+ 33. Kg2 Rc5 34. c7 Bxc7 35. dxc7 Rxc7 36. Bxe4 Rd7 37. Rd4 Rxd4 38. exd4 f6 39. b4
1-0

[Event "Snorlax # 3"]
[Site "SchemingMind.com"]
[Date "2008.09.01"]
[Round "-"]
[White "remigius"]
[Black "keen"]
[Result "0-1"]
[WhiteCountry "ESP"]
[BlackCountry "SCO"]
[WhiteElo "1754"]
[WhiteRD "99"]
[BlackElo "1786"]
[BlackRD "56"]
[GameID "169313"]

1. e4 c5 2. c3 d6 3. d4 cxd4 4. cxd4 g6 5. Nc3 Bg7 6. Nf3 Nf6 7. Bg5 O-O 8. Qd2 Nc6 9. Bh6 a6 10. Bxg7 Kxg7
11. Be2 e6 12. h4 Bd7 13. O-O-O Rc8 14. h5 Nxh5 15. Rxh5 gxh5 16. Rh1 Rg8 17. Rxh5 Kf8 18. Qh6+ Ke7 19. Ng5 Nxd4 20. Bg4 Rg6
21. Qxh7 Qg8 22. Qxg8 Rcxg8 23. f4 f6
0-1

[Event "Snorlax # 3"]
[Site "SchemingMind.com"]
[Date "2008.09.03"]
[Round "-"]
[White "remigius"]
[Black "rao"]
[Result "1-0"]
[WhiteCountry "ESP"]
[BlackCountry "INT"]
[WhiteElo "1792"]
[WhiteRD "98"]
[BlackElo "1551"]
[BlackRD "69"]
[GameID "169314"]

1. e4 e5 2. Nf3 Nc6 3. Bb5 d6 4. d4 a6 5. Bxc6+ bxc6 6. dxe5 Bg4 7. exd6 cxd6 8. O-O Nf6 9. Bg5 Be7 10. Nbd2 O-O
11. h3 Bh5 12. Re1 h6 13. Bf4 Rb8 14. Nc4 Nxe4 15. Rxe4 Rb4 16. b3 d5 17. Rxe7 dxc4 18. Qxd8 Rxd8 19. Rae1 cxb3 20. Bc7 Rd2
21. Nxd2 bxc2 22. Nb3 Ra4 23. Nc1 Rb4 24. R7e4 Rb1 25. Ra4 Bd1 26. Bf4 g5 27. Bd2 c5 28. Rxa6 Kg7 29. Rc6 f6 30. Rxc5 Kg6
31. Rc3 h5 32. Re6 Kf5 33. Rec6 Rb2 34. g4+ hxg4 35. hxg4+ Bxg4 36. Rxc2 Rb5 37. R6c5+ Rxc5 38. Rxc5+ Ke4 39. Bxg5 fxg5 40. Rxg5 Kf4
41. Rxg4+ Kxg4 42. a4 Kf5 43. a5 Ke5 44. f4+ Kxf4 45. a6 Ke5 46. a7 Kd4 47. a8=Q Ke5 48. Qc6 Kf4 49. Qd5 Ke3 50. Qc4 Kf3
51. Qd4 Kg3 52. Qe4 Kh3 53. Qg6 Kh4 54. Ne2 Kh3 55. Qg3#
1-0

[Event "Snorlax # 3"]
[Site "SchemingMind.com"]
[Date "2008.09.01"]
[Round "-"]
[White "remigius"]
[Black "nomuffyet"]
[Result "1-0"]
[WhiteCountry "ESP"]
[BlackCountry "SWE"]
[WhiteElo "1754"]
[WhiteRD "99"]
[BlackElo "1330"]
[BlackRD "88"]
[GameID "169315"]

1. e4 g6 2. d4 d5 3. e5 Nc6 4. Nf3 Bf5 5. Bd3 Bg4 6. c3 f6 7. exf6 exf6 8. O-O Qd7 9. Re1+ Be7 10. h3 Bxf3
11. Qxf3 O-O-O 12. Nd2 f5 13. Nb3 b6 14. a4 Re8 15. a5 Bd8 16. Rxe8
1-0

[Event "Snorlax # 3"]
[Site "SchemingMind.com"]
[Date "2008.09.01"]
[Round "-"]
[White "remigius"]
[Black "Joe Daudish"]
[Result "1-0"]
[WhiteCountry "ESP"]
[BlackCountry "USA"]
[WhiteElo "1754"]
[WhiteRD "99"]
[BlackElo "1779"]
[BlackRD "46"]
[GameID "169316"]

1. e4 e6 2. d4 d5 3. e5 Ne7 4. Bd3 Ng6 5. c3 Be7 6. f4 c5 7. Nf3 Nc6 8. O-O Bd7 9. Na3 c4 10. Bc2 Bxa3
11. bxa3 O-O 12. Ng5 b5 13. Qh5 h6 14. Nxf7 Rxf7 15. Qxg6 Rc8 16. Qh7+ Kf8 17. Bg6 Ke7 18. Bxf7 Kxf7 19. f5 exf5 20. Bxh6 Qh8
21. Rxf5+ Bxf5 22. Qxf5+ Ke7 23. Bg5+ Ke8 24. Qxc8+
1-0

[Event "Snorlax # 3"]
[Site "SchemingMind.com"]
[Date "2008.09.01"]
[Round "-"]
[White "remigius"]
[Black "Turms"]
[Result "0-1"]
[WhiteCountry "ESP"]
[BlackCountry "INT"]
[WhiteElo "1754"]
[WhiteRD "99"]
[BlackElo "1737"]
[BlackRD "82"]
[GameID "169317"]

1. e4 c5 2. c3 Nc6 3. d4 cxd4 4. cxd4 d5 5. e5 Bf5 6. Nf3 e6 7. Bd3 Bxd3 8. Qxd3 Nge7 9. b3 Nf5 10. Bb2 Bb4+
11. Nbd2 O-O 12. O-O Rc8 13. Rac1 Qa5 14. g4 Nh4 15. Nxh4 Bxd2 16. Rc2 Bg5 17. Nf3 Qd8 18. Ba3 Be7 19. Bxe7 Qxe7 20. a4 Nb4
0-1

[Event "Snorlax # 3"]
[Site "SchemingMind.com"]
[Date "2008.09.01"]
[Round "-"]
[White "AaronB"]
[Black "remigius"]
[Result "0-1"]
[WhiteCountry "USA"]
[BlackCountry "ESP"]
[WhiteElo "1676"]
[WhiteRD "63"]
[BlackElo "1754"]
[BlackRD "99"]
[GameID "169318"]

1. d4 e6 2. e4 d5 3. Nd2 Nf6 4. e5 Nfd7 5. Bd3 c5 6. c3 Nc6 7. Ne2 cxd4 8. cxd4 f6 9. f4 Qb6 10. Nb3 Be7
11. O-O fxe5 12. fxe5 Ndxe5 13. Kh1 Nxd3 14. Qxd3 Bd7 15. Bf4 O-O 16. Ng3 Bf6 17. Nc5 Rad8 18. Bd6 Rf7 19. b3 Nxd4 20. Rac1 Qxd6
21. Nxb7 Qb8 22. Nxd8 Qxd8 23. Rxf6 Qxf6 24. Nh5 Qe5 25. Ng3 Nf5 26. Nxf5 Qxf5 27. Qe2 Qf2 28. Qxf2 Rxf2 29. a3 Bb5 30. Kg1 Rf5
31. Rc8+ Kf7 32. Rc7+ Kf6 33. h3 a6 34. a4 Be2 35. Rc2 Rf1+ 36. Kh2 Re1 37. Kg3 Bd1 38. Rc3 d4 39. Rd3 Re3+ 40. Rxe3 dxe3
0-1

[Event "Snorlax # 3"]
[Site "SchemingMind.com"]
[Date "2008.09.01"]
[Round "-"]
[White "keen"]
[Black "remigius"]
[Result "1/2-1/2"]
[WhiteCountry "SCO"]
[BlackCountry "ESP"]
[WhiteElo "1786"]
[WhiteRD "56"]
[BlackElo "1754"]
[BlackRD "99"]
[GameID "169319"]

1. d4 e6 2. e3 d5 3. Bd3 Bd6 4. f4 Nc6 5. c3 Nf6 6. Nf3 Ne4 7. Nbd2 f5 8. O-O O-O 9. Ne5 Bxe5 10. fxe5 Ne7
11. c4 c6 12. Nxe4 fxe4 13. Be2 Nf5 14. b3 Bd7 15. Rf2 Qg5 16. Rf4 Be8 17. Qf1 Bh5 18. Bd2 Bxe2 19. Qxe2 Rf7 20. Raf1 Raf8
21. R1f2 Nh6 22. Rxf7 Rxf7 23. Rxf7 Kxf7 24. cxd5 exd5 25. Qf2+ Qf5 26. Qxf5+ Nxf5 27. Kf2 Ke6 28. Bb4 b6 29. h3 h5 30. g3 g5
31. Bd2 c5 32. g4 hxg4 33. hxg4 Nh6 34. Kg3 cxd4 35. exd4 Nf7 36. Be3 a6=
1/2-1/2

[Event "Snorlax # 3"]
[Site "SchemingMind.com"]
[Date "2008.09.03"]
[Round "-"]
[White "rao"]
[Black "remigius"]
[Result "0-1"]
[WhiteCountry "INT"]
[BlackCountry "ESP"]
[WhiteElo "1556"]
[WhiteRD "65"]
[BlackElo "1754"]
[BlackRD "99"]
[GameID "169320"]

1. e4 e6 2. Nf3 d5 3. e5 c5 4. c4 Ne7 5. d3 dxc4 6. Qa4+ Nbc6 7. Qxc4 Ng6 8. Qe4 Be7 9. Nc3 Qc7 10. Bf4 Nxf4
11. Qxf4 Bf6 12. Nb5 Qa5+ 13. Nc3 Be7 14. Be2 Bd7 15. O-O a6 16. Ne4 Nd4 17. Bd1 Nxf3+ 18. Bxf3 Bc6 19. Ng5 Bxg5 20. Qxg5 Bxf3
21. gxf3 Qb5 22. Qxg7 O-O-O 23. Qxf7 Qc6 24. b4 Rdf8 25. Qh5 Rhg8+ 26. Kh1 Rxf3 27. Qxh7 Rh3+ 28. Qe4 Qe8 29. bxc5 Rxh2+ 30. Kxh2 Qh5+
31. Qh4 Qxh4#
0-1

[Event "Snorlax # 3"]
[Site "SchemingMind.com"]
[Date "2008.09.01"]
[Round "-"]
[White "nomuffyet"]
[Black "remigius"]
[Result "0-1"]
[WhiteCountry "SWE"]
[BlackCountry "ESP"]
[WhiteElo "1330"]
[WhiteRD "88"]
[BlackElo "1754"]
[BlackRD "99"]
[GameID "169321"]

1. e4 e6 2. Nc3 d5 3. d4 Nf6 4. e5 Nfd7 5. Nf3 c5 6. dxc5 Bxc5 7. a3 Nc6 8. Bb5 Qc7 9. Bxc6 bxc6 10. Bf4 Ba6
11. b4 Bb6 12. Na4 O-O 13. Nc3 Rac8 14. Ne2 c5 15. c3 cxb4
0-1

[Event "Snorlax # 3"]
[Site "SchemingMind.com"]
[Date "2008.09.01"]
[Round "-"]
[White "Joe Daudish"]
[Black "remigius"]
[Result "0-1"]
[WhiteCountry "USA"]
[BlackCountry "ESP"]
[WhiteElo "1759"]
[WhiteRD "45"]
[BlackElo "1792"]
[BlackRD "98"]
[GameID "169322"]

1. d4 e6 2. Nf3 d5 3. Bf4 Bd6 4. Bxd6 cxd6 5. c3 Nf6 6. e3 Nc6 7. Be2 O-O 8. O-O e5 9. dxe5 dxe5 10. Nbd2 Re8
11. Re1 e4 12. Nd4 Nxd4 13. cxd4 Bd7 14. b3 Rc8 15. Rc1 Rxc1 16. Qxc1 Qa5 17. Qb2 Rc8 18. Kf1 Rc3 19. Nb1 Rc6 20. b4 Qc7
21. Bd1 Qxh2 22. f3 exf3 23. Bxf3 Ne4 24. Nd2 Rf6 25. Ke2 Bg4 26. Qc1 Qxg2+ 27. Kd3 Nf2+ 28. Ke2 Bxf3+ 29. Nxf3 Qxf3+ 30. Kd2 Rc6
31. Qb2 Ne4+ 32. Kd3 Rc3+ 33. Qxc3 Nxc3 34. Kxc3 h5 35. Kd2 h4 36. e4 dxe4 37. d5 Qd3+ 38. Kc1 Qxd5 39. Rxe4 Qxe4 40. b5 Qe2
41. b6 a6 42. a4 h3 43. a5 h2 44. Kb1 h1=Q#
0-1

[Event "Snorlax # 3"]
[Site "SchemingMind.com"]
[Date "2008.09.01"]
[Round "-"]
[White "Turms"]
[Black "remigius"]
[Result "0-1"]
[WhiteCountry "INT"]
[BlackCountry "ESP"]
[WhiteElo "1737"]
[WhiteRD "82"]
[BlackElo "1754"]
[BlackRD "99"]
[GameID "169323"]

1. e4 e6 2. d4 d5 3. Nc3 Nf6 4. Bg5 dxe4 5. Nxe4 Be7 6. Bxf6 gxf6 7. Nf3 b6 8. Bc4 c6 9. O-O Bb7 10. Qe2 Qc7
11. Rfe1 Nd7 12. a4 a5 13. c3 O-O-O 14. Rab1 f5 15. Neg5 Bxg5 16. Nxg5 Nf6 17. Nxe6 fxe6 18. Bxe6+ Kb8 19. Bxf5 Rde8 20. Qd2 Nd5
21. b4 axb4 22. cxb4 Qf4 23. Qxf4+ Nxf4 24. Be4 Rhg8 25. a5 Nh3+ 26. Kf1 Ba6+
0-1

[Event "Snorlax # 3"]
[Site "SchemingMind.com"]
[Date "2008.09.01"]
[Round "-"]
[White "Brerrabbit"]
[Black "AaronB"]
[Result "0-1"]
[WhiteCountry "SCO"]
[BlackCountry "USA"]
[WhiteElo "1395"]
[WhiteRD "64"]
[BlackElo "1676"]
[BlackRD "63"]
[GameID "169328"]

1. e4 c5 2. d4 cxd4 3. c3 Nf6 4. e5 Nd5 5. c4 Qa5+ 6. Bd2 Nb4 7. a3 e6 8. Bd3 Nxd3+ 9. Ke2 Qxe5+ 10. Kf1 Qf6
11. Nf3 e5 12. Bg5 Qf5 13. h3 Nc5 14. Nbd2 Nc6 15. g4 Qe6 16. b4 Nd3 17. Rb1 f6 18. Bh4 e4 19. b5 exf3 20. bxc6 dxc6
21. Nxf3 Qxc4 22. Qe2+ Be7 23. g5 Kf7 24. Rd1 Nb2 25. Qxc4+ Nxc4 26. Rxd4 Nxa3 27. Rf4 Kg6 28. Rg1 Bxh3+ 29. Ke2 Kh5 30. Rg3 Bd6
31. Rxh3 Rhe8+ 32. Kf1 Bxf4 33. Bg3+ Kg4 34. Kg2 Bxg3 35. Rxg3+ Kf4 36. Kh3 fxg5 37. Nxg5 Nb5 38. Nxh7 Rh8 39. Rg4+ Kf3
0-1

[Event "Snorlax # 3"]
[Site "SchemingMind.com"]
[Date "2008.09.01"]
[Round "-"]
[White "Brerrabbit"]
[Black "keen"]
[Result "0-1"]
[WhiteCountry "SCO"]
[BlackCountry "SCO"]
[WhiteElo "1395"]
[WhiteRD "64"]
[BlackElo "1786"]
[BlackRD "56"]
[GameID "169329"]

1. e4 e6 2. Nf3 d5 3. exd5 exd5 4. d4 Nc6 5. Nc3 Bg4 6. h3 Bh5 7. Bg5 Nf6 8. Bb5 Bd6 9. Nxd5 Be7 10. Nxf6+ Bxf6
11. Bxf6 Qxf6 12. O-O O-O-O 13. d5 Ne5 14. Be2 Nxf3+ 15. Bxf3 Bxf3 16. gxf3 Qg5+ 17. Kh1 Rxd5 18. Qe2 Qf5 19. Rfe1 Qxh3+ 20. Kg1 Rg5#
0-1

[Event "Snorlax # 3"]
[Site "SchemingMind.com"]
[Date "2008.09.03"]
[Round "-"]
[White "Brerrabbit"]
[Black "rao"]
[Result "0-1"]
[WhiteCountry "SCO"]
[BlackCountry "INT"]
[WhiteElo "1410"]
[WhiteRD "67"]
[BlackElo "1551"]
[BlackRD "69"]
[GameID "169330"]

1. e4 e5 2. Nf3 d6 3. Nc3 Bg4 4. Bc4 a6 5. d3 Nf6 6. d4 Nc6 7. d5 Nd4 8. Qd3 h6 9. Nxd4 exd4 10. Ne2 b5
11. Bxb5+ axb5 12. Qxb5+ Nd7 13. Nxd4 Qb8 14. Qxb8+ Rxb8 15. O-O Ne5 16. Bf4 Be7 17. Nc6 Rxb2 18. Rfb1 Rxb1+ 19. Rxb1 Kd7 20. Rb7 Nxc6
21. dxc6+ Kxc6 22. Rb3 Ra8 23. h3 Bh5 24. Rc3+ Kd7 25. Rd3 Rxa2 26. e5 Rxc2 27. Rd5 g5 28. Bg3 Ke6 29. Ra5 c5 30. Ra6 Rd2
31. f4 gxf4 32. Bxf4 Rd1+ 33. Kf2 Rd4 34. exd6 Bxd6 35. Ke3 Bg6 36. g4 Re4+ 37. Kf3 Rd4 38. Bxh6 Be4+ 39. Ke3 Bg2 40. Bg7 Re4+
41. Kd3 Rb4 42. Bf8 Rd4+ 43. Kc3 Bxh3 44. g5 Ke5 45. Bxd6+ Rxd6 46. Rxd6 Kxd6 47. Kc4 Kc6 48. g6 fxg6
0-1

[Event "Snorlax # 3"]
[Site "SchemingMind.com"]
[Date "2008.09.01"]
[Round "-"]
[White "Brerrabbit"]
[Black "nomuffyet"]
[Result "0-1"]
[WhiteCountry "SCO"]
[BlackCountry "SWE"]
[WhiteElo "1395"]
[WhiteRD "64"]
[BlackElo "1330"]
[BlackRD "88"]
[GameID "169331"]

1. e4 g6 2. Nf3 d6 3. Nc3 Nf6 4. Bc4 Bg7 5. d4 O-O 6. Bg5 h6 7. O-O hxg5 8. Nxg5 c5 9. d5 Qb6 10. b3 Nh7
11. Nxh7 Kxh7 12. Qf3 Qb4 13. a3 Qxc3 14. Qxc3 Bxc3 15. Rab1 b6 16. b4 e6 17. g3 exd5 18. Bxd5 Bh3 19. Rfd1 Nc6 20. Bxc6 Rac8
21. Bd5 f5 22. Be6 Rcd8 23. Rb3 Be5 24. f4 Bg7 25. a4 Rfe8 26. Bf7 Re7 27. Bc4 fxe4 28. g4 Bxg4 29. h3 Bxd1
0-1

[Event "Snorlax # 3"]
[Site "SchemingMind.com"]
[Date "2008.09.01"]
[Round "-"]
[White "Brerrabbit"]
[Black "Joe Daudish"]
[Result "0-1"]
[WhiteCountry "SCO"]
[BlackCountry "USA"]
[WhiteElo "1410"]
[WhiteRD "67"]
[BlackElo "1759"]
[BlackRD "45"]
[GameID "169332"]

1. e4 e6 2. Nf3 d5 3. exd5 Qxd5 4. Nc3 Qd8 5. d4 Nf6 6. Bc4 Be7 7. Bf4 c6 8. O-O b5 9. Bd3 Bb7 10. Qe2 Nbd7
11. Rad1 O-O 12. Bg5 h6 13. Bxf6 Nxf6 14. Ne4 Nxe4 15. Bxe4 Qc7 16. c4 a6 17. Ne5 Bf6 18. Qh5 Rad8 19. Rd3 Bxe5 20. dxe5 c5
21. Bxb7 Qxb7 22. Rg3 Kh8 23. Qg4 f5 24. Qg6 Qe7 25. Rh3 Qf7 26. Qxf7 Rxf7 27. Re1= Rd2 28. Rb1 Rfd7 29. g3 Re2 30. Rc1 b4
31. Rb1 Rxe5 32. a3 a5 33. f4 Re2 34. g4 fxg4 35. Rg3 h5 36. h3 gxh3 37. Rxh3 g6 38. Kf1= Rc2 39. b3 Rd4 40. Rg3 Rxf4+
41. Ke1 Kg7 42. axb4 axb4 43. Kd1 Ra2 44. Re3 Rf1+ 45. Re1 Rxe1+ 46. Kxe1 Kf6 47. Rd1 Rb2 48. Rd3 Kf5 49. Rf3+ Ke4 50. Rf6 Rxb3
51. Kd2 Kd4 52. Rxe6 g5
0-1

[Event "Snorlax # 3"]
[Site "SchemingMind.com"]
[Date "2008.09.01"]
[Round "-"]
[White "Brerrabbit"]
[Black "Turms"]
[Result "0-1"]
[WhiteCountry "SCO"]
[BlackCountry "INT"]
[WhiteElo "1395"]
[WhiteRD "64"]
[BlackElo "1737"]
[BlackRD "82"]
[GameID "169333"]

1. e4 c5 2. d4 cxd4 3. c3 Nf6 4. Nf3 d6 5. Nxd4 Nxe4 6. Bd3 Nc5 7. Be3 g6 8. O-O Bg7 9. b4 Nxd3 10. Qxd3 Nc6
11. Re1 O-O 12. c4 Nxd4 13. Bxd4 Bf5 14. Qd2 Rc8 15. c5 Bxd4 16. Qxd4 dxc5 17. bxc5 Qxd4
0-1

[Event "Snorlax # 3"]
[Site "SchemingMind.com"]
[Date "2008.09.01"]
[Round "-"]
[White "Brerrabbit"]
[Black "remigius"]
[Result "0-1"]
[WhiteCountry "SCO"]
[BlackCountry "ESP"]
[WhiteElo "1395"]
[WhiteRD "64"]
[BlackElo "1754"]
[BlackRD "99"]
[GameID "169334"]

1. e4 e6 2. Nf3 d5 3. exd5 exd5 4. d4 Bd6 5. Nc3 c6 6. Bd2 Ne7 7. g3 Bg4 8. h3 Bh5 9. g4 Bg6 10. Bd3 Bxd3
11. cxd3 Qb6 12. g5 Nd7 13. Rc1 O-O-O 14. Qe2 Kb8 15. Ne5 Rhf8 16. Na4 Qxd4 17. Bc3 Qxa4 18. Qg4 Qxg4 19. hxg4 Nxe5 20. d4 Nxg4
21. Rxh7 Nf5 22. f3 Rde8+ 23. Kd2 Bf4+ 24. Kc2 Bxc1 25. Kxc1 Rh8
0-1

[Event "Snorlax # 3"]
[Site "SchemingMind.com"]
[Date "2008.09.02"]
[Round "-"]
[White "AaronB"]
[Black "Brerrabbit"]
[Result "1-0"]
[WhiteCountry "USA"]
[BlackCountry "SCO"]
[WhiteElo "1676"]
[WhiteRD "63"]
[BlackElo "1395"]
[BlackRD "64"]
[GameID "169335"]

1. d4 d5 2. c4 dxc4 3. Nf3 Nc6 4. e4 Bg4 5. Be2 e6 6. O-O Nf6 7. Nc3 Bb4 8. e5 Nd5 9. Qd2 Bxf3 10. Bxf3 Nce7
11. a3 Ba5 12. Bxd5 exd5 13. Qg5 O-O 14. f4 Bb6 15. Be3 h6 16. Qg4 f5 17. Qh5 c6 18. Rf3 Kh7 19. g4 Qe8 20. Qh3 fxg4
21. Qxg4 Qg6 22. h3 Qxg4+ 23. hxg4 g5 24. f5 c5 25. dxc5 Bc7 26. Bd4 b6 27. cxb6 axb6 28. Nb5 Bd8= 29. Kg2 h5 30. Rh1 h4
31. Be3 Rg8 32. Nd4 Rc8 33. Ne6 Bc7 34. Nxg5+ Kg7 35. f6+ Kf8 36. fxe7+ Kxe7 37. Rxh4 Bxe5 38. Rf7+ Kd6 39. Rh6+
1-0

[Event "Snorlax # 3"]
[Site "SchemingMind.com"]
[Date "2008.09.02"]
[Round "-"]
[White "keen"]
[Black "Brerrabbit"]
[Result "1-0"]
[WhiteCountry "SCO"]
[BlackCountry "SCO"]
[WhiteElo "1786"]
[WhiteRD "56"]
[BlackElo "1395"]
[BlackRD "64"]
[GameID "169336"]

1. d4 d5 2. e3 Nc6 3. c3 Nf6 4. Nd2 e5 5. dxe5 Nxe5 6. Ngf3 Bf5 7. Nxe5 Qd6 8. Nef3 g6 9. Nd4 Be7 10. Nxf5 gxf5
11. Qf3 f4 12. Nb3 Rg8 13. exf4 O-O-O 14. Be3 Qe6 15. O-O-O Qc6 16. Nd4 Qd6 17. Nf5 Qd7 18. Nxe7+ Qxe7 19. Bxa7 Ne4 20. Bd4 Rge8
21. Bd3 c5 22. Bxe4 cxd4 23. Bxd5 dxc3 24. Qxc3+ Kb8 25. Kb1 Rc8 26. Qb3 Rc7 27. Bf3 Rec8 28. a4 Qc5 29. Rc1 Qxf2 30. a5 Re8
31. Rxc7 Kxc7 32. Qxb7+ Kd6 33. Rd1+ Ke6 34. Qd7+
1-0

[Event "Snorlax # 3"]
[Site "SchemingMind.com"]
[Date "2008.09.04"]
[Round "-"]
[White "rao"]
[Black "Brerrabbit"]
[Result "1-0"]
[WhiteCountry "INT"]
[BlackCountry "SCO"]
[WhiteElo "1556"]
[WhiteRD "65"]
[BlackElo "1395"]
[BlackRD "64"]
[GameID "169337"]

1. e4 e5 2. Nf3 Nc6 3. Bc4 Be7 4. d3 Nf6 5. a3 d6 6. Ng5 d5 7. Bb3 Na5 8. Ba2 Bg4 9. Qd2 Bh5 10. Qxa5 Qd7
11. Bxd5 Qg4 12. Qb5+ c6 13. Bxc6+ Kf8 14. O-O Qxg5 15. Bxg5
1-0

[Event "Snorlax # 3"]
[Site "SchemingMind.com"]
[Date "2008.09.01"]
[Round "-"]
[White "nomuffyet"]
[Black "Brerrabbit"]
[Result "0-1"]
[WhiteCountry "SWE"]
[BlackCountry "SCO"]
[WhiteElo "1330"]
[WhiteRD "88"]
[BlackElo "1395"]
[BlackRD "64"]
[GameID "169338"]

1. e4 e5 2. Nf3 Nc6 3. Nc3 Nf6 4. Bc4 d5 5. exd5 Nd4 6. Nxe5 Bc5 7. d6 Be6 8. d7+ Nxd7 9. Nxd7 Qxd7 10. d3 O-O
11. O-O Bg4
0-1

[Event "Snorlax # 3"]
[Site "SchemingMind.com"]
[Date "2008.09.01"]
[Round "-"]
[White "Joe Daudish"]
[Black "Brerrabbit"]
[Result "1-0"]
[WhiteCountry "USA"]
[BlackCountry "SCO"]
[WhiteElo "1779"]
[WhiteRD "46"]
[BlackElo "1395"]
[BlackRD "64"]
[GameID "169339"]

1. d4 d5 2. Nf3 Nc6 3. Bf4 Nf6 4. h3 Bf5 5. c3 e6 6. e3 a6 7. Bd3 Bd6 8. Bxd6 cxd6 9. Bxf5 exf5 10. Nbd2 O-O
11. O-O Ne4 12. Qc2 Rc8 13. Qb3 b5 14. Qxd5 Re8 15. Qxf5 Nxd2 16. Nxd2 Ne7 17. Qf3 b4 18. Rfc1 Ng6 19. cxb4 Nh4 20. Qg4 Rxc1+
21. Rxc1 g5 22. Nf3 f5 23. Qxg5+ Qxg5 24. Nxg5 h6 25. Nf3 Nxf3+ 26. gxf3 Kf7= 27. Rc6 Rb8 28. Rxd6 Rxb4 29. Rxa6 Rxb2 30. Rxh6 Rxa2
31. Kg2 Kg7 32. Rb6
1-0

[Event "Snorlax # 3"]
[Site "SchemingMind.com"]
[Date "2008.09.02"]
[Round "-"]
[White "Turms"]
[Black "Brerrabbit"]
[Result "0-1"]
[WhiteCountry "INT"]
[BlackCountry "SCO"]
[WhiteElo "1737"]
[WhiteRD "82"]
[BlackElo "1395"]
[BlackRD "64"]
[GameID "169340"]

1. e4 e5 2. Nf3 Nc6 3. Bb5 a6 4. Bxc6 bxc6 5. O-O d5 6. Nxe5 Qd6 7. d4 Nf6 8. Nxf7 Kxf7 9. e5 Qe6 10. exf6 gxf6
11. Re1 Qf5 12. Nc3 Rg8 13. Qh5+ Qxh5
0-1

[Event "Snorlax # 3"]
[Site "SchemingMind.com"]
[Date "2008.09.01"]
[Round "-"]
[White "remigius"]
[Black "Brerrabbit"]
[Result "1-0"]
[WhiteCountry "ESP"]
[BlackCountry "SCO"]
[WhiteElo "1754"]
[WhiteRD "99"]
[BlackElo "1395"]
[BlackRD "64"]
[GameID "169341"]

1. e4 e5 2. Nf3 Nc6 3. Bb5 d5 4. Nxe5 Nh6 5. Nxc6 Qd7 6. Nd4 c6 7. Ba4 b5 8. Bb3 Bc5 9. Nxc6 Qxc6 10. Bxd5 Qf6
11. Qf3 Ng4 12. Qxf6 Nxf6 13. Bxa8 O-O 14. d3 Be6 15. Bc6 Ng4 16. O-O Bd6 17. h3 Ne5 18. Bxb5 f5 19. exf5 Rxf5 20. Nc3 Rf6
21. Ne4 Rg6 22. Be8 Nf3+ 23. Kh1 Nh4 24. Bxg6 hxg6 25. Nxd6 Bd5 26. f3 a5 27. Bg5
1-0

[Event "Snorlax # 3"]
[Site "SchemingMind.com"]
[Date "2008.09.01"]
[Round "-"]
[White "Clive Everill"]
[Black "Brerrabbit"]
[Result "1-0"]
[WhiteCountry "CZE"]
[BlackCountry "SCO"]
[WhiteElo "1686"]
[WhiteRD "47"]
[BlackElo "1395"]
[BlackRD "64"]
[GameID "169342"]

1. e4 e5 2. Nf3 Nc6 3. Bb5 a6 4. Ba4 b5 5. Bb3 d5 6. exd5 Nd4 7. Nxd4 exd4 8. O-O Bc5 9. c4 dxc3 10. Re1+ Ne7
11. dxc3 O-O 12. Bf4 Bb7 13. c4 Nf5 14. Nc3 Nd4 15. Qg4 Re8 16. Bh6 g6 17. Bg5 f6 18. Rxe8+ Qxe8 19. Bxf6 b4 20. Na4 Be7
21. Bxd4 Bc8 22. Qf3 Bd6 23. Qf6 Qe7 24. Qh8+ Kf7 25. Qg7+ Ke8 26. Qg8+ Kd7 27. c5 Bxh2+ 28. Kf1 Bb7 29. c6+ Kd6 30. Bc5+
1-0

[Event "Snorlax # 3"]
[Site "SchemingMind.com"]
[Date "2008.09.01"]
[Round "-"]
[White "Clive Everill"]
[Black "AaronB"]
[Result "0-1"]
[WhiteCountry "CZE"]
[BlackCountry "USA"]
[WhiteElo "1686"]
[WhiteRD "47"]
[BlackElo "1676"]
[BlackRD "63"]
[GameID "169343"]

1. c4 e5 2. Nc3 Nc6 3. g3 Bc5 4. Bg2 Nf6 5. Nf3 O-O 6. O-O d6 7. e3 Be6 8. d4 Bxc4 9. dxc5 Bxf1 10. Kxf1 dxc5
11. Qb3 Qd3+ 12. Ke1 Nb4 13. Nd2 Nc2+ 14. Kd1 Nxa1 15. Qc4 Qc2+ 16. Ke2 Qxc1 17. Bxb7 Rad8 18. Ncb1 Qxc4+ 19. Nxc4 e4 20. f3 exf3+
21. Bxf3 Nc2 22. Nc3 Rfe8 23. e4 Nd4+ 24. Ke3 Nxf3 25. Kxf3 Nd7 26. Nb5 Ne5+ 27. Nxe5 Rxe5 28. Nxc7 Rd2 29. Kf4 f6
0-1

[Event "Snorlax # 3"]
[Site "SchemingMind.com"]
[Date "2008.09.01"]
[Round "-"]
[White "Clive Everill"]
[Black "keen"]
[Result "0-1"]
[WhiteCountry "CZE"]
[BlackCountry "SCO"]
[WhiteElo "1686"]
[WhiteRD "47"]
[BlackElo "1786"]
[BlackRD "56"]
[GameID "169344"]

1. Nf3 Nf6 2. d4 g6 3. c4 Bg7 4. Nc3 O-O 5. e4 d6 6. Be2 e5 7. O-O Nc6 8. Be3 Ne8 9. d5 Ne7 10. b4 f5
11. Rc1 f4 12. Bd2 h6 13. c5 g5 14. Kh1 Ng6 15. Qb3 h5 16. Nxe5 Nxe5 17. Bxh5 Nf6 18. Be2 Kf7 19. Nb5 Rh8 20. cxd6 Rxh2+
21. Kxh2 Qh8+ 22. Kg1 g4 23. Rxc7+ Kg6 24. Bxf4 Nxe4 25. Bxe5 Bxe5 26. Qd3 Qh2#
0-1

[Event "Snorlax # 3"]
[Site "SchemingMind.com"]
[Date "2008.09.03"]
[Round "-"]
[White "Clive Everill"]
[Black "rao"]
[Result "1/2-1/2"]
[WhiteCountry "CZE"]
[BlackCountry "INT"]
[WhiteElo "1683"]
[WhiteRD "47"]
[BlackElo "1551"]
[BlackRD "69"]
[GameID "169345"]

1. d4 d5 2. Bf4 Nc6 3. Nf3 Bf5 4. a3 e6 5. e3 Bg4 6. Be2 Nf6 7. Nbd2 Bh5 8. O-O Ng4 9. h3 Nf6 10. Ne5 Bxe2
11. Qxe2 a6 12. Nxc6 bxc6 13. b4 Bd6 14. Bxd6 Qxd6 15. c4 O-O 16. c5 Qe7 17. Qd3 Nh5 18. e4 Qg5 19. Nf3 Nf4 20. Nxg5 Nxd3
21. Rad1 Nb2 22. Rb1 Nc4 23. a4 Nd2 24. exd5 Nxf1 25. Kxf1 exd5 26. b5 cxb5 27. axb5 axb5 28. Rxb5 Ra1+ 29. Ke2 h6 30. Nf3 Re8+
31. Kd3 Ra3+ 32. Kd2 c6 33. Rb6 Ra2+ 34. Kd3 Rc8 35. Ne5 Rxf2 36. g4 Ra8 37. Ke3 Rh2 38. Rxc6 g5 39. Rxh6 Ra3+ 40. Nd3 Rb2
41. c6 Rc3 42. Rd6 Rbb3 43. Rxd5 Rxd3+ 44. Ke4 Re3+ 45. Kf5 Rbc3 46. Rd6 Rxh3 47. Kxg5 Kf8 48. d5 Ke7 49. Rd7+ Ke8 50. Kf6 Rhf3+
51. Ke5 f6+ 52. Kd6 Rc4 53. Re7+ Kd8 54. c7+ Kc8 55. Re8+ Kb7 56. Rb8+ Ka7 57. c8=Q Rxc8 58. Rxc8 Rg3 59. Ke6 Rxg4 60. Kxf6 Kb7
61. Rc6 Rd4 62. Ke5 Rd1 63. Re6 Kc7 64. d6+ Kd7 65. Re7+ Kd8 66. Ke6 Re1+ 67. Kf7 Rf1+ 68. Ke6 Re1+ 69. Kd5 Rxe7 70. dxe7+= Kxe7
1/2-1/2